Management Accounting : Work Book (Record no. 93546)
[ view plain ]
| 000 -LEADER | |
|---|---|
| fixed length control field | 00491nam a2200193Ia 4500 |
| 008 - FIXED-LENGTH DATA ELEMENTS--GENERAL INFORMATION | |
| fixed length control field | 230125s9999 xx 000 0 und d |
| 041 ## - LANGUAGE CODE | |
| Language code of text/sound track or separate title | eng |
| 082 ## - DEWEY DECIMAL CLASSIFICATION NUMBER | |
| Classification number | 658.1511 |
| Item number | ICF |
| 100 ## - MAIN ENTRY--PERSONAL NAME | |
| Personal name | ICFAI |
| 245 ## - TITLE STATEMENT | |
| Title | Management Accounting : Work Book |
| 250 ## - EDITION STATEMENT | |
| Edition statement | 1st Ed. |
| 260 ## - PUBLICATION, DISTRIBUTION, ETC. (IMPRINT) | |
| Name of publisher, distributor, etc. | ICFAI publication |
| Place of publication, distribution, etc. | Hyderabad |
| 300 ## - PHYSICAL DESCRIPTION | |
| Extent | 211p |
| 440 ## - SERIES STATEMENT/ADDED ENTRY--TITLE | |
| Title | ICFAI |
| 500 ## - GENERAL NOTE | |
| Keywords | Management accounting ,ACC |
| 500 ## - GENERAL NOTE | |
| Keywords | Management accounting;ICFAI Series Book |
| 650 ## - SUBJECT ADDED ENTRY--TOPICAL TERM | |
| Topical term or geographic name as entry element | Accounting |
| 700 ## - ADDED ENTRY--PERSONAL NAME | |
| Personal name | ICFAI |
| Withdrawn status | Lost status | Damaged status | Not for loan | Home library | Current library | Date acquired | Vendor | Full call number | Barcode | Date last seen | Bill Date | Koha item type | Original Barcode |
|---|---|---|---|---|---|---|---|---|---|---|---|---|---|
| Withdrawn 2022-23 | Smt. Hiraben Nanavati Institute of Management & Research for Women | Smt. Hiraben Nanavati Institute of Management & Research for Women | 20/12/2001 | Satya Gilani | 658.1511 ICF DB0643 | HIMR-DB-643 | 25/01/2023 | 25/01/2023 | Donated Book | DB0643 |